[Event "CAN-ch U12 w"]
[Site "Regina CAN"]
[Date "2019.07.07"]
[Round "1.51"]
[White "Zhong, April Yunwei"]
[Black "Jiang, Kate"]
[Result "0-1"]
[WhiteElo "1326"]
[BlackElo "1859"]
[PlyCount "113"]
[EventDate "2019.07.07"]
[EventType "swiss"]
[EventRounds "7"]
[EventCountry "CAN"]

1. d4 d5 2. Bf4 Nf6 3. e3 e6 4. Bd3 c5 5. c3 Nc6 6. Nd2 Bd6 7. Bg3 e5 8. dxc5
Bxc5 9. e4 d4 10. c4 O-O 11. Ngf3 Re8 12. h3 Qb6 13. Qb3 Qxb3 14. Nxb3 Bb4+ 15.
Nbd2 Bxd2+ 16. Nxd2 b6 17. a3 Bb7 18. O-O a5 19. Rac1 Nd7 20. Nb3 Nc5 21. Nxc5
bxc5 22. Rfe1 Rab8 23. Rc2 Ba6 24. f4 Rb3 25. Rd1 exf4 26. Bxf4 Ne5 27. Bxe5
Rxe5 28. Kh2 Bb7 29. Re2 f5 30. exf5 Rxe2 31. Bxe2 Rxb2 32. Bf1 Rf2 33. Kg1
Rxf5 34. Rb1 Be4 35. Rd1 Bc2 36. Rd2 Bb3 37. Bd3 Re5 38. Rb2 a4 39. Rf2 Re3 40.
Rf3 Re1+ 41. Rf1 Re5 42. Rf5 Rxf5 43. Bxf5 Bxc4 44. Kf2 g6 45. Bc2 Bb3 46. Be4
Kf7 47. Ke2 Ke6 48. Bb1 Ke5 49. g3 Bd5 50. Bc2 Bc6 51. Bd1 c4 52. Kd2 c3+ 53.
Kc2 Be4+ 54. Kc1 d3 55. Bxa4 d2+ 56. Kd1 Bf3+ 57. Kc2 0-1

[Event "CAN-ch U12 w"]
[Site "Regina CAN"]
[Date "2019.07.07"]
[Round "1.52"]
[White "Wang, Rachel Zihan"]
[Black "Mok, Gillian"]
[Result "0-1"]
[WhiteElo "1551"]
[BlackElo "1323"]
[PlyCount "92"]
[EventDate "2019.07.07"]
[EventType "swiss"]
[EventRounds "7"]
[EventCountry "CAN"]

1. d4 Nf6 2. c4 g6 3. Nc3 Bg7 4. e4 d6 5. Nf3 O-O 6. Be2 e5 7. O-O Nbd7 8. d5
Nc5 9. Nd2 a5 10. f3 c6 11. Nb3 Qb6 12. Be3 cxd5 13. cxd5 a4 14. Nxc5 dxc5 15.
Nxa4 Rxa4 16. Qxa4 Bd7 17. Qc2 Rc8 18. Rab1 Qa5 19. b3 Ne8 20. Qd2 Qc7 21. Rbc1
Bf8 22. Rc2 f5 23. Bc4 Kh8 24. g3 Nd6 25. Bd3 Nf7 26. Rfc1 b6 27. b4 Qa7 28.
bxc5 bxc5 29. Qf2 Qa3 30. Rc3 Qa5 31. Bxc5 Ng5 32. Kf1 fxe4 33. fxe4 Bh3+ 34.
Ke1 Bxc5 35. Qf6+ Kg8 36. Bc4 Bb4 37. Qxe5 Nf3+ 38. Ke2 Nxe5 39. d6+ Nxc4 40.
Rxc4 Rxc4 41. Rxc4 Qxa2+ 42. Kd3 Bf1+ 43. Ke3 Qxc4 44. d7 Qd3+ 45. Kf2 Qe2+ 46.
Kg1 Qg2# 0-1

[Event "CAN-ch U12 w"]
[Site "Regina CAN"]
[Date "2019.07.07"]
[Round "1.53"]
[White "Ksenych, Alexa"]
[Black "Chen, Helen"]
[Result "1-0"]
[WhiteElo "1146"]
[BlackElo "1512"]
[PlyCount "61"]
[EventDate "2019.07.07"]
[EventType "swiss"]
[EventRounds "7"]
[EventCountry "CAN"]

1. d4 d5 2. e4 e6 3. c4 c6 4. e5 f6 5. Nf3 Nd7 6. Nc3 Ne7 7. Bf4 Ng6 8. Qd2 b6
9. Be2 Qc7 10. Qe3 Nxf4 11. Qxf4 c5 12. O-O cxd4 13. Nxd4 fxe5 14. Nxe6 Qd6 15.
Qf5 Nc5 16. Nb5 Qe7 17. Nbc7+ Kd7 18. Nxa8 Qxe6 19. Qxe6+ Nxe6 20. Bg4 Kd6 21.
Rad1 Bb7 22. Bxe6 Kxe6 23. Nc7+ Kd6 24. Nxd5 Kc5 25. b3 Bd6 26. f4 e4 27. Rfe1
Re8 28. f5 Re5 29. f6 gxf6 30. Nxf6 h6 31. Nd7+ 1-0

[Event "CAN-ch U12 w"]
[Site "Regina CAN"]
[Date "2019.07.07"]
[Round "1.54"]
[White "Guo, Yu Han (Veronica)"]
[Black "Boucher, Anne-Marie"]
[Result "1-0"]
[WhiteElo "1485"]
[BlackElo "1062"]
[PlyCount "83"]
[EventDate "2019.07.07"]
[EventType "swiss"]
[EventRounds "7"]
[EventCountry "CAN"]

1. e4 e5 2. Nf3 Nc6 3. Bb5 a6 4. Ba4 Nf6 5. O-O b5 6. Bb3 Bc5 7. Re1 O-O 8. c3
d5 9. exd5 e4 10. Ng5 Nxd5 11. d4 Be7 12. Nxh7 Kxh7 13. Qh5+ Kg8 14. Qxd5 Qxd5
15. Bxd5 Bd7 16. Bf4 Rac8 17. Nd2 b4 18. Bxe4 f5 19. Bxc6 Bxc6 20. Rxe7 Rf7 21.
Rxf7 Kxf7 22. Nc4 bxc3 23. Ne5+ Kf6 24. Nxc6 c2 25. Rc1 g5 26. Be5+ Ke6 27.
Rxc2 Re8 28. f3 Kd5 29. Kf2 f4 30. Rc5+ Ke6 31. Bxc7 Rc8 32. Be5 Kd7 33. Nb8+
Kd8 34. Bf6+ Ke8 35. Rxc8+ Kf7 36. Bxg5 a5 37. Rc6 a4 38. Nd7 Ke8 39. Ne5 Kf8
40. Bf6 Kg8 41. Rc8+ Kh7 42. Rh8# 1-0

[Event "CAN-ch U12 w"]
[Site "Regina CAN"]
[Date "2019.07.07"]
[Round "1.55"]
[White "Li, Mengbai"]
[Black "Surya, Dania"]
[Result "0-1"]
[WhiteElo "947"]
[BlackElo "1429"]
[PlyCount "116"]
[EventDate "2019.07.07"]
[EventType "swiss"]
[EventRounds "7"]
[EventCountry "CAN"]

1. e4 d5 2. exd5 Qxd5 3. Nc3 Qa5 4. Nf3 Bg4 5. Be2 Nc6 6. h3 Bh5 7. O-O O-O-O
8. d3 Nf6 9. Ng5 Bg6 10. Bd2 e6 11. Nce4 Qb6 12. Nxf6 gxf6 13. Nf3 Qxb2 14. c3
Bxd3 15. Bxd3 Rxd3 16. Qe2 Rd8 17. Rfb1 Qa3 18. Qb5 Qa6 19. Qh5 Rd7 20. Qh4 Be7
21. Qh5 Bd8 22. Rc1 Qd3 23. Be3 Rg8 24. Ne1 Qg6 25. Qb5 a6 26. Qb3 Ne5 27. Rab1
Qe4 28. Kf1 Qc4+ 29. Qxc4 Nxc4 30. Rb4 Nxe3+ 31. fxe3 Rd2 32. Rcb1 b6 33. Rc4
b5 34. Rc6 Kb7 35. Rc5 f5 36. c4 Be7 37. Re5 Bd6 38. Nf3 Rdxg2 39. cxb5 Bxe5
40. Nxe5 Rg1+ 41. Ke2 Rxb1 42. bxa6+ Kxa6 43. Nxf7 Rf8 44. Ne5 Rd8 45. Nc6 Rd6
46. Nd4 c5 47. Nf3 Rb2+ 48. Ke1 c4 49. Nd4 c3 50. h4 Rd2 51. Nb3 c2 52. h5 R2d3
53. Ke2 Rxb3 54. axb3 c1=Q 55. Kf2 Rd2+ 56. Kf3 Qf1+ 57. Kg3 Rg2+ 58. Kh3 Qh1#
0-1

[Event "CAN-ch U12 w"]
[Site "Regina CAN"]
[Date "2019.07.07"]
[Round "1.56"]
[White "Lin, Angela"]
[Black "Geillon-Barral, Roween"]
[Result "1-0"]
[WhiteElo "1368"]
[BlackElo "884"]
[PlyCount "115"]
[EventDate "2019.07.07"]
[EventType "swiss"]
[EventRounds "7"]
[EventCountry "CAN"]

1. d4 d5 2. Bf4 Nc6 3. Nf3 Bf5 4. e3 a6 5. Be2 Nb4 6. Bd3 Nxd3+ 7. cxd3 e6 8.
O-O Bd6 9. Bxd6 Qxd6 10. Nc3 Nf6 11. e4 dxe4 12. dxe4 Bxe4 13. Nxe4 Nxe4 14.
Rc1 O-O 15. Qc2 f5 16. Qxc7 Qxc7 17. Rxc7 b5 18. Rc6 Rf6 19. Rfc1 h6 20. Rc8+
Rxc8 21. Rxc8+ Kh7 22. Ra8 Rg6 23. Rxa6 Nf6 24. Ne5 Rg5 25. Ra8 Nd5 26. Nf7 Rg4
27. Rh8+ Kg6 28. Ne5+ Kg5 29. Nxg4 Kxg4 30. Rb8 b4 31. Re8 Nc7 32. Re7 Nb5 33.
Rxe6 Nxd4 34. Rg6+ Kf4 35. Rxg7 Ne2+ 36. Kf1 Nc1 37. a3 b3 38. Rd7 Kg5 39. Rd1
Na2 40. a4 Nb4 41. a5 Kf6 42. Ra1 Na6 43. Ra3 Ke5 44. Rxb3 Kf4 45. Rb6 Nc7 46.
Rxh6 Kg5 47. Rc6 Na8 48. a6 Kg4 49. a7 Kf4 50. Rc8 Nb6 51. Rb8 Nd7 52. Rb4+ Kg5
53. a8=Q Kf6 54. Qc6+ Ke5 55. Qxd7 Kf6 56. Rb6+ Kg5 57. Qg7+ Kf4 58. Rb4# 1-0

[Event "CAN-ch U12 w"]
[Site "Regina CAN"]
[Date "2019.07.07"]
[Round "2.51"]
[White "Jiang, Kate"]
[Black "Lin, Angela"]
[Result "1-0"]
[WhiteElo "1859"]
[BlackElo "1368"]
[PlyCount "29"]
[EventDate "2019.07.07"]
[EventType "swiss"]
[EventRounds "7"]
[EventCountry "CAN"]

1. e4 c5 2. c3 e6 3. d4 cxd4 4. cxd4 Nc6 5. Nf3 Nf6 6. Nc3 Bb4 7. Bd3 Qc7 8.
O-O O-O 9. e5 Ne8 10. Bxh7+ Kxh7 11. Ng5+ Kg8 12. Qh5 Nf6 13. exf6 Rd8 14.
Qxf7+ Kh8 15. fxg7# 1-0

[Event "CAN-ch U12 w"]
[Site "Regina CAN"]
[Date "2019.07.07"]
[Round "2.52"]
[White "Mok, Gillian"]
[Black "Guo, Yu Han (Veronica)"]
[Result "1-0"]
[WhiteElo "1323"]
[BlackElo "1485"]
[PlyCount "125"]
[EventDate "2019.07.07"]
[EventType "swiss"]
[EventRounds "7"]
[EventCountry "CAN"]

1. e4 e5 2. Nf3 Nc6 3. Nc3 Nf6 4. Bb5 Bb4 5. d3 Bxc3+ 6. bxc3 d6 7. O-O O-O 8.
Bg5 h6 9. Bh4 Qe7 10. Re1 Nd8 11. d4 Ne6 12. dxe5 dxe5 13. c4 Nf4 14. Qd2 c6
15. Ba4 Ng6 16. Bg3 Nh5 17. Bb3 Nxg3 18. fxg3 Bg4 19. Qe3 Kh8 20. Rad1 b6 21.
Ba4 Qc7 22. Rd3 Rad8 23. Red1 Rxd3 24. Qxd3 Kh7 25. Qd6 Rc8 26. h3 Be6 27. Bb3
Qxd6 28. Rxd6 Rc7 29. h4 h5 30. Ng5+ Kg8 31. Nxe6 fxe6 32. Rxe6 Kh7 33. Ba4 c5
34. Be8 Nf8 35. Rxe5 g6 36. Rd5 Re7 37. Bc6 Re6 38. Rd8 Rxc6 39. Rxf8 Re6 40.
Rf4 Kh6 41. Kf2 Re7 42. Ke3 Kg7 43. g4 a6 44. gxh5 gxh5 45. Rf5 Kg6 46. Kf4 Re6
47. e5 b5 48. cxb5 axb5 49. Rg5+ Kh6 50. Kf5 Re7 51. Kf6 Ra7 52. e6 Ra8 53. Kf7
Ra7+ 54. e7 b4 55. Re5 b3 56. axb3 c4 57. bxc4 Rc7 58. Kf6 Rc6+ 59. Re6 Rc8 60.
e8=Q Rxe8 61. Rxe8 Kh7 62. Ra8 Kh6 63. Rh8# 1-0

[Event "CAN-ch U12 w"]
[Site "Regina CAN"]
[Date "2019.07.07"]
[Round "2.53"]
[White "Surya, Dania"]
[Black "Sreekumar, Gauri"]
[Result "1-0"]
[WhiteElo "1429"]
[BlackElo "799"]
[PlyCount "39"]
[EventDate "2019.07.07"]
[EventType "swiss"]
[EventRounds "7"]
[EventCountry "CAN"]

1. e4 c5 2. d4 cxd4 3. c3 dxc3 4. Nxc3 Nc6 5. Bc4 e6 6. Nf3 Nf6 7. O-O d6 8.
Qe2 Be7 9. Rd1 O-O 10. e5 Ng4 11. exd6 Bf6 12. Ne4 Bd7 13. h3 Nge5 14. Bb5
Nxf3+ 15. Qxf3 Nd4 16. Nxf6+ gxf6 17. Rxd4 Bxb5 18. Bh6 Re8 19. Qg4+ Kh8 20.
Qg7# 1-0

[Event "CAN-ch U12 w"]
[Site "Regina CAN"]
[Date "2019.07.07"]
[Round "2.54"]
[White "Boucher, Anne-Marie"]
[Black "Ksenych, Alexa"]
[Result "0-1"]
[WhiteElo "1062"]
[BlackElo "1146"]
[PlyCount "86"]
[EventDate "2019.07.07"]
[EventType "swiss"]
[EventRounds "7"]
[EventCountry "CAN"]

1. e4 d5 2. Nc3 d4 3. Nce2 Nc6 4. Nf3 e5 5. d3 Nf6 6. b3 Bd6 7. Bb2 Qe7 8. c3
dxc3 9. Bxc3 Bb4 10. d4 Bxc3+ 11. Nxc3 Qb4 12. Qd2 exd4 13. Ne2 Nxe4 14. Qxb4
Nxb4 15. Nfxd4 c5 16. a3 cxd4 17. axb4 O-O 18. Nxd4 Re8 19. Be2 Nc3 20. Rc1 Na2
21. Rc4 b5 22. Nxb5 Ba6 23. Nc7 Bxc4 24. bxc4 Nxb4 25. Nxa8 Rxa8 26. O-O a5 27.
Bf3 Ra7 28. Re1 Kf8 29. c5 a4 30. c6 a3 31. Ra1 a2 32. g4 Ke7 33. Kf1 Nc2 34.
c7 Kd7 35. Bd5 Nxa1 36. f4 Nb3 37. Bxb3 a1=Q+ 38. Ke2 Qb2+ 39. Kd3 Qxb3+ 40.
Kd4 Ra4+ 41. Kc5 Kxc7 42. f5 Qb6+ 43. Kd5 Qb5# 0-1

[Event "CAN-ch U12 w"]
[Site "Regina CAN"]
[Date "2019.07.07"]
[Round "2.55"]
[White "Geillon-Barral, Roween"]
[Black "Wang, Rachel Zihan"]
[Result "0-1"]
[WhiteElo "884"]
[BlackElo "1551"]
[PlyCount "126"]
[EventDate "2019.07.07"]
[EventType "swiss"]
[EventRounds "7"]
[EventCountry "CAN"]

1. e4 c5 2. Nf3 Nc6 3. Nc3 Nf6 4. Bc4 e6 5. d3 d5 6. exd5 exd5 7. Bb5 Bd7 8.
O-O Be7 9. Re1 O-O 10. Bf4 Bg4 11. h3 Bh5 12. Qe2 Bd6 13. Bxd6 Qxd6 14. Bxc6
bxc6 15. g4 Nxg4 16. Qe7 Qf4 17. Kg2 Nf6 18. Qe3 Qd6 19. d4 cxd4 20. Qxd4 Nd7
21. Qh4 Bxf3+ 22. Kxf3 Ne5+ 23. Kg2 f5 24. f4 Ng6 25. Qg3 Qxf4 26. Qxf4 Nxf4+
27. Kg3 g5 28. Rh1 Rae8 29. Rae1 d4 30. Na4 Nd5 31. Nc5 Re3+ 32. Kf2 Rfe8 33.
Nd3 Kf7 34. h4 g4 35. c4 g3+ 36. Kg2 Nf4+ 37. Nxf4 Rxe1 38. Rxe1 Rxe1 39. Kxg3
Rc1 40. b3 Ra1 41. Nd3 Rxa2 42. Kf4 Ke6 43. Nc5+ Kd6 44. Nb7+ Kc7 45. Nc5 Ra5
46. b4 Rxc5 47. bxc5 a5 48. Kxf5 d3 49. h5 d2 50. h6 d1=Q 51. Kf4 Qh5 52. Kg3
Qe5+ 53. Kg4 Kd7 54. Kf3 Qd4 55. Kg3 Qe4 56. Kf2 Qd3 57. Kg2 Qe3 58. Kh2 Qf3
59. Kg1 Qe2 60. Kh1 a4 61. Kg1 a3 62. Kh1 a2 63. Kg1 a1=R# 0-1

[Event "CAN-ch U12 w"]
[Site "Regina CAN"]
[Date "2019.07.07"]
[Round "2.56"]
[White "Chen, Helen"]
[Black "Zhong, April Yunwei"]
[Result "1/2-1/2"]
[WhiteElo "1512"]
[BlackElo "1326"]
[PlyCount "85"]
[EventDate "2019.07.07"]
[EventType "swiss"]
[EventRounds "7"]
[EventCountry "CAN"]

1. e4 c5 2. Nf3 d6 3. d4 cxd4 4. Nxd4 Nf6 5. Nc3 a6 6. Be2 e6 7. Be3 Be7 8. O-O
b5 9. a3 O-O 10. f4 Bb7 11. Bf3 d5 12. exd5 Nxd5 13. Nxd5 Bxd5 14. Bxd5 Qxd5
15. b3 Bf6 16. Rc1 Rd8 17. c4 Qe4 18. Re1 Bxd4 19. Bxd4 Qxd4+ 20. Qxd4 Rxd4 21.
cxb5 Rd8 22. Red1 Nd7 23. bxa6 h6 24. Rc7 Nf6 25. Rxd8+ Rxd8 26. Rb7 Ne4 27.
Kf1 Nc5 28. Rb6 Ra8 29. a4 Rxa6 30. Rxa6 Nxa6 31. Ke2 Nc5 32. a5 Nxb3 33. a6
Nd4+ 34. Kd3 Nc6 35. Kc4 Kf8 36. Kc5 Na7 37. Kb6 Nc8+ 38. Kb7 Nd6+ 39. Kc7 Nb5+
40. Kb6 Nd6 41. Kc6 Nc8 42. Kb7 Nd6+ 43. Kc6 1/2-1/2

[Event "CAN-ch U12 w"]
[Site "Regina CAN"]
[Date "2019.07.08"]
[Round "3.51"]
[White "Mok, Gillian"]
[Black "Jiang, Kate"]
[Result "0-1"]
[WhiteElo "1323"]
[BlackElo "1859"]
[PlyCount "92"]
[EventDate "2019.07.07"]
[EventType "swiss"]
[EventRounds "7"]
[EventCountry "CAN"]

1. e4 e5 2. Nf3 Nc6 3. Nc3 Nf6 4. Bb5 Bb4 5. O-O O-O 6. d3 Bxc3 7. bxc3 d6 8.
Bg5 h6 9. Bh4 Re8 10. d4 g5 11. Nxg5 hxg5 12. Bxg5 a6 13. Qf3 Kg7 14. Bxc6 bxc6
15. Rfe1 Qe7 16. Qg3 Nh5 17. Qh4 f6 18. Bd2 Rh8 19. Re3 Kf7 20. dxe5 dxe5 21.
Rf3 Be6 22. Re1 Nf4 23. Qg3 Rag8 24. Bxf4 Rxg3 25. Bxg3 Bg4 26. Rd3 Rd8 27.
Rxd8 Qxd8 28. h3 Be6 29. a3 Qb8 30. f4 exf4 31. Bxf4 Qb6+ 32. Kh2 Qf2 33. Bg3
Qxc2 34. Re3 Qc1 35. Rf3 Qxa3 36. Bxc7 Ke7 37. e5 fxe5 38. Bxe5 Bd5 39. Re3 Kf7
40. Bf4 Qb2 41. Rg3 a5 42. Bd6 Qd2 43. Be5 Qe2 44. Bd4 a4 45. Rg7+ Kf8 46. Ra7
Qxg2# 0-1

[Event "CAN-ch U12 w"]
[Site "Regina CAN"]
[Date "2019.07.08"]
[Round "3.52"]
[White "Ksenych, Alexa"]
[Black "Surya, Dania"]
[Result "1/2-1/2"]
[WhiteElo "1146"]
[BlackElo "1429"]
[PlyCount "128"]
[EventDate "2019.07.07"]
[EventType "swiss"]
[EventRounds "7"]
[EventCountry "CAN"]

1. d4 Nf6 2. f3 d5 3. e4 dxe4 4. Nc3 exf3 5. Nxf3 Bg4 6. h3 Bh5 7. g4 Bg6 8.
Ne5 e6 9. Bg2 c6 10. h4 Bb4 11. h5 Bxc3+ 12. bxc3 Be4 13. Bxe4 Nxe4 14. Qf3 Nd6
15. O-O f6 16. Ba3 Qc7 17. Bxd6 Qxd6 18. h6 Qe7 19. hxg7 Qxg7 20. Qxf6 Qxf6 21.
Rxf6 Ke7 22. Rf7+ Kd6 23. Rxb7 Kd5 24. Rf1 a5 25. Rf4 c5 26. c4+ Kd6 27. Nf7+
Kc6 28. Nxh8 Kxb7 29. Rf7+ Kc6 30. c3 cxd4 31. cxd4 Nd7 32. Rxh7 Rg8 33. d5+
exd5 34. cxd5+ Kc7 35. Nf7 Rxg4+ 36. Kh2 Kb6 37. Nh6 Nf6 38. Nxg4 Nxh7 39. Kg2
Kc5 40. Ne3 Kb4 41. d6 Nf6 42. Nd5+ Nxd5 43. d7 Nf4+ 44. Kf3 Ne6 45. Ke3 a4 46.
Kd2 Ka3 47. Kc2 Kxa2 48. Kc1 Kb3 49. Kb1 a3 50. Ka1 Kb4 51. Ka2 Ka4 52. Kb1 Kb3
53. Ka1 Nd4 54. d8=Q Nc2+ 55. Kb1 a2+ 56. Kc1 a1=Q+ 57. Kd2 Qc3+ 58. Ke2 Qe1+
59. Kf3 Qe3+ 60. Kg4 Qe4+ 61. Kg5 Qe5+ 62. Kg6 Qe4+ 63. Kf7 Qh7+ 64. Ke8 Qh5+
1/2-1/2

[Event "CAN-ch U12 w"]
[Site "Regina CAN"]
[Date "2019.07.08"]
[Round "3.53"]
[White "Wang, Rachel Zihan"]
[Black "Li, Mengbai"]
[Result "1-0"]
[WhiteElo "1551"]
[BlackElo "947"]
[PlyCount "115"]
[EventDate "2019.07.07"]
[EventType "swiss"]
[EventRounds "7"]
[EventCountry "CAN"]

1. d4 c5 2. dxc5 Qa5+ 3. Nc3 Qxc5 4. Nf3 Nf6 5. e3 g6 6. Bd3 d5 7. O-O Bg7 8.
Na4 Qd6 9. c4 dxc4 10. Bxc4 O-O 11. Qxd6 exd6 12. Rd1 Rd8 13. Ng5 d5 14. Nc3
Be6 15. e4 d4 16. Nxe6 fxe6 17. Bxe6+ Kf8 18. Bb3 Nc6 19. Nd5 Nxe4 20. Nf4 Nc5
21. Bd5 Rac8 22. Bxc6 Rxc6 23. b4 Ne6 24. Nxe6+ Rxe6 25. Bb2 Re2 26. Rab1 d3
27. Bxg7+ Kxg7 28. a4 d2 29. Kf1 Re4 30. f3 Red4 31. Rb2 Kf6 32. Kf2 Kf5 33.
Ke3 Ke5 34. Rdxd2 Rxd2 35. Rxd2 Rxd2 36. Kxd2 Kd4 37. g4 Kc4 38. h4 Kxb4 39. f4
Kxa4 40. f5 b5 41. f6 b4 42. f7 b3 43. f8=Q b2 44. Kc2 Kb5 45. Kxb2 a5 46. Qf4
Kc5 47. Ka3 Kb5 48. Qd4 Kc6 49. Qe5 h6 50. Ka4 Kd7 51. Qf6 Kc7 52. Qe6 Kb7 53.
Qd6 Ka7 54. Qc6 Kb8 55. Qd7 Ka8 56. Kxa5 Kb8 57. Kb6 Ka8 58. Qb7# 1-0

[Event "CAN-ch U12 w"]
[Site "Regina CAN"]
[Date "2019.07.08"]
[Round "3.54"]
[White "Sreekumar, Gauri"]
[Black "Guo, Yu Han (Veronica)"]
[Result "0-1"]
[WhiteElo "799"]
[BlackElo "1485"]
[PlyCount "66"]
[EventDate "2019.07.07"]
[EventType "swiss"]
[EventRounds "7"]
[EventCountry "CAN"]

1. e4 e5 2. Nf3 Nc6 3. Bc4 Nf6 4. Ng5 d5 5. exd5 Na5 6. Bb5+ c6 7. dxc6 bxc6 8.
Ba4 Be7 9. O-O O-O 10. c3 Ng4 11. Nh3 Qd6 12. d3 c5 13. Bc2 Bd7 14. Ng5 e4 15.
g3 Bxg5 16. Bxg5 Qe5 17. Bf4 Qh5 18. h4 Bc6 19. dxe4 Qg6 20. e5 Qe6 21. Qd6 Qc8
22. f3 Nb7 23. Qd3 g6 24. Qd2 Bb5 25. Re1 Rd8 26. Qc1 Bc6 27. Be4 Bxe4 28. Rxe4
Qc6 29. Qe1 f5 30. exf6 Nxf6 31. Re6 Qxf3 32. Rxf6 Rd1 33. Qxd1 Qxd1+ 0-1

[Event "CAN-ch U12 w"]
[Site "Regina CAN"]
[Date "2019.07.08"]
[Round "3.55"]
[White "Lin, Angela"]
[Black "Chen, Helen"]
[Result "1-0"]
[WhiteElo "1368"]
[BlackElo "1512"]
[PlyCount "109"]
[EventDate "2019.07.07"]
[EventType "swiss"]
[EventRounds "7"]
[EventCountry "CAN"]

1. d4 d5 2. Bf4 e6 3. Nf3 Nf6 4. e3 Bd6 5. Ne5 Nfd7 6. Nd2 Nxe5 7. dxe5 Be7 8.
Bd3 f6 9. Nf3 Nc6 10. O-O O-O 11. c3 fxe5 12. Nxe5 Nxe5 13. Bxe5 Bd6 14. Bxd6
Qxd6 15. Qh5 h6 16. Qg6 Rf6 17. Qh5 e5 18. f3 Bd7 19. e4 dxe4 20. Bxe4 Raf8 21.
Kh1 Bc6 22. Rad1 Qe6 23. Bb1 e4 24. Rfe1 e3 25. Qc5 Bxf3 26. gxf3 Rxf3 27. Bd3
Qh3 28. Qc4+ Kh8 29. Bf1 Qh5 30. Be2 Qh3 31. Bf1 Qf5 32. Qd3 Qf4 33. Qc4 Qf5
34. Qd4 Qh5 35. Bg2 Re8 36. Qd5 Qxd5 37. Rxd5 Rf2 38. Rb5 b6 39. Rb3 Rd2 40.
Bf3 Rf2 41. Bg4 e2 42. Kg1 Rf6 43. Rxe2 Ref8 44. Bh3 Rg6+ 45. Rg2 Rgf6 46. Re2
Rg6+ 47. Bg2 h5 48. Kh1 Rd8 49. Rf2 Rd1+ 50. Rf1 Rd2 51. Rf8+ Kh7 52. Bf1 Rd5
53. Bg2 Rd1+ 54. Rf1 Rd2 55. Be4 1-0

[Event "CAN-ch U12 w"]
[Site "Regina CAN"]
[Date "2019.07.08"]
[Round "3.56"]
[White "Zhong, April Yunwei"]
[Black "Geillon-Barral, Roween"]
[Result "1-0"]
[WhiteElo "1326"]
[BlackElo "884"]
[PlyCount "109"]
[EventDate "2019.07.07"]
[EventType "swiss"]
[EventRounds "7"]
[EventCountry "CAN"]

1. d4 d5 2. Bf4 Nc6 3. e3 Nf6 4. Bd3 Nb4 5. Be2 Bf5 6. Na3 e6 7. c3 Nc6 8. Nb5
Bd6 9. Nxd6+ cxd6 10. Nf3 O-O 11. h3 Qe7 12. Bh2 h6 13. Qb3 Rab8 14. Qa3 a6 15.
Bxd6 Qd7 16. Bxf8 Rxf8 17. O-O Ne4 18. c4 Re8 19. Rac1 e5 20. dxe5 Nxe5 21.
Nxe5 Rxe5 22. cxd5 Qxd5 23. Rfd1 Nd2 24. Qc3 Ne4 25. Rxd5 Nxc3 26. Rxe5 Nxe2+
27. Kf1 Bd3 28. Rc8+ Kh7 29. Ke1 b6 30. Rd5 Bb5 31. a4 Bxa4 32. Kxe2 b5 33. Rd3
b4 34. Rd6 Bb5+ 35. Kf3 a5 36. Rc5 Ba4 37. Rxa5 Bc2 38. Rc5 Ba4 39. Rc4 Bb3 40.
Rxb4 Bc2 41. e4 h5 42. Rd2 Bb1 43. Ra4 h4 44. Ra1 Bxe4+ 45. Kxe4 g6 46. b4 Kg7
47. b5 f5+ 48. Ke5 Kh6 49. b6 Kg5 50. b7 f4 51. b8=Q f3 52. Qd8+ Kh6 53. Qxh4+
Kg7 54. Rd7+ Kf8 55. Ra8# 1-0

[Event "CAN-ch U12 w"]
[Site "Regina CAN"]
[Date "2019.07.08"]
[Round "4.51"]
[White "Jiang, Kate"]
[Black "Ksenych, Alexa"]
[Result "1-0"]
[WhiteElo "1859"]
[BlackElo "1146"]
[PlyCount "97"]
[EventDate "2019.07.07"]
[EventType "swiss"]
[EventRounds "7"]
[EventCountry "CAN"]

1. e4 d5 2. exd5 Nf6 3. d4 Bg4 4. Be2 Bxe2 5. Qxe2 Qxd5 6. Nf3 Nc6 7. c4 Qf5 8.
a3 O-O-O 9. d5 Na5 10. Nbd2 b6 11. O-O e6 12. b4 Nb7 13. Nd4 Qg4 14. Qxg4 Nxg4
15. Nc6 Rd7 16. Nxa7+ Kb8 17. Nc6+ Kc8 18. h3 Nf6 19. dxe6 fxe6 20. Re1 Nd8 21.
Nxd8 Rxd8 22. Rxe6 Bd6 23. Ne4 Nxe4 24. Rxe4 g6 25. Bb2 Rhf8 26. Rae1 h5 27.
Re6 Rg8 28. Bf6 Rd7 29. Re8+ Rxe8 30. Rxe8+ Kb7 31. Rg8 Bf4 32. g3 Bc1 33. a4
Ba3 34. b5 Rd1+ 35. Kg2 Rc1 36. Rxg6 Rxc4 37. Rg5 h4 38. Rg4 Rxg4 39. hxg4 hxg3
40. Kxg3 Kc8 41. g5 Kd7 42. f4 Ke6 43. Kg4 Bd6 44. f5+ Kf7 45. Bd4 Bf8 46. g6+
Kg8 47. f6 Bh6 48. Bb2 Bf8 49. f7# 1-0

[Event "CAN-ch U12 w"]
[Site "Regina CAN"]
[Date "2019.07.08"]
[Round "4.52"]
[White "Surya, Dania"]
[Black "Wang, Rachel Zihan"]
[Result "0-1"]
[WhiteElo "1429"]
[BlackElo "1551"]
[PlyCount "102"]
[EventDate "2019.07.07"]
[EventType "swiss"]
[EventRounds "7"]
[EventCountry "CAN"]

1. e4 c5 2. d4 cxd4 3. c3 Nf6 4. e5 Nd5 5. cxd4 d6 6. Bc4 e6 7. Bxd5 exd5 8.
Nc3 dxe5 9. dxe5 Bb4 10. Nge2 Nc6 11. a3 Bxc3+ 12. Nxc3 d4 13. Ne2 Qa5+ 14. Qd2
Qxe5 15. O-O O-O 16. Qf4 Qxe2 17. Bd2 Qg4 18. Qxg4 Bxg4 19. Rfe1 Rfe8 20. b4
Be2 21. a4 d3 22. f3 Nd4 23. Ra2 Rac8 24. Kf2 Rc4 25. Rb2 Rec8 26. Rbb1 f6 27.
Rec1 Rxc1 28. Rxc1 Rxc1 29. Bxc1 Nc2 30. Bd2 Kf7 31. Kg3 Ke6 32. Kf4 Kd5 33. b5
Kc4 34. Ke4 Kb3 35. a5 Na3 36. a6 bxa6 37. bxa6 Kc2 38. Bb4 d2 39. Bxd2 Kxd2
40. Kf5 Bxa6 41. Ke6 Bc4+ 42. Ke7 Nc2 43. Kf8 a5 44. Kxg7 a4 45. Kxh7 a3 46.
Kg6 a2 47. h4 a1=Q 48. g4 Be2 49. h5 Bxf3 50. h6 Bxg4 51. h7 f5 0-1

[Event "CAN-ch U12 w"]
[Site "Regina CAN"]
[Date "2019.07.08"]
[Round "4.53"]
[White "Guo, Yu Han (Veronica)"]
[Black "Lin, Angela"]
[Result "1-0"]
[WhiteElo "1485"]
[BlackElo "1368"]
[PlyCount "77"]
[EventDate "2019.07.07"]
[EventType "swiss"]
[EventRounds "7"]
[EventCountry "CAN"]

1. e4 c5 2. Nf3 e6 3. c3 Nc6 4. d4 cxd4 5. cxd4 d6 6. Bd3 Qc7 7. O-O Nf6 8. Re1
e5 9. d5 Nb4 10. Qa4+ Nc6 11. dxc6 bxc6 12. Nc3 Bd7 13. Qc2 Rc8 14. h3 g6 15.
Bg5 Bg7 16. Qd2 O-O 17. Rad1 Rcd8 18. Bh6 Qc8 19. Bxg7 Kxg7 20. Ne2 Nh5 21. Ng3
Nf4 22. Bf1 Be6 23. b3 h6 24. Qc3 Kh7 25. Qe3 Qd7 26. Nxe5 Qc7 27. Qxf4 dxe5
28. Qc1 Qb6 29. Rxd8 Rxd8 30. Rd1 Rg8 31. Bc4 Bc8 32. Qc3 f6 33. Bxg8+ Kxg8 34.
Rd6 Bb7 35. Qc4+ Kg7 36. Rd7+ Kh8 37. Qf7 Qxf2+ 38. Kxf2 Bc8 39. Rd8# 1-0

[Event "CAN-ch U12 w"]
[Site "Regina CAN"]
[Date "2019.07.08"]
[Round "4.54"]
[White "Zhong, April Yunwei"]
[Black "Mok, Gillian"]
[Result "1-0"]
[WhiteElo "1326"]
[BlackElo "1323"]
[PlyCount "109"]
[EventDate "2019.07.07"]
[EventType "swiss"]
[EventRounds "7"]
[EventCountry "CAN"]

1. d4 Nf6 2. Bf4 d6 3. e3 g6 4. Bd3 Bg7 5. c3 Nc6 6. Nf3 Bg4 7. h3 Bxf3 8. Qxf3
e5 9. Bh2 Qe7 10. Nd2 exd4 11. cxd4 Nxd4 12. Qxb7 O-O 13. O-O Rfb8 14. Qa6 Rxb2
15. Nc4 Nc2 16. Nxb2 Nxa1 17. Rxa1 Ne4 18. Qc4 Nc5 19. Rb1 d5 20. Qc2 Rb8 21.
Bf1 Ne4 22. Nd3 Rc8 23. Rb7 d4 24. Rxc7 Rxc7 25. Qxc7 Qa3 26. Qb8+ Bf8 27. exd4
Nd2 28. Ne5 a6 29. Bf4 Nxf1 30. Kxf1 Qxa2 31. Bh6 Qa1+ 32. Ke2 Qa2+ 33. Kf3
Qa3+ 34. Be3 Kg7 35. Nc4 Qc3 36. Ne5 Qc2 37. Bh6+ Kxh6 38. Qxf8+ Kh5 39. g4+
Kg5 40. Qe7+ f6 41. Nf7+ Kh4 42. Qxf6+ Kxh3 43. Ng5+ Kh2 44. Qe5+ Kh1 45. Qe1+
Kh2 46. Kf4 Qc7+ 47. Qe5 Qc1+ 48. Kf3+ Kh1 49. Qe3 Qc6+ 50. Ne4 h5 51. Qg5 Qb7
52. Qh4+ Kg1 53. Qg3+ Kf1 54. Qh3+ Ke1 55. Qh1# 1-0

[Event "CAN-ch U12 w"]
[Site "Regina CAN"]
[Date "2019.07.08"]
[Round "4.55"]
[White "Li, Mengbai"]
[Black "Boucher, Anne-Marie"]
[Result "0-1"]
[WhiteElo "947"]
[BlackElo "1062"]
[PlyCount "58"]
[EventDate "2019.07.07"]
[EventType "swiss"]
[EventRounds "7"]
[EventCountry "CAN"]

1. e4 e5 2. Nf3 Nc6 3. Bc4 Nf6 4. d3 Be7 5. O-O O-O 6. c3 d5 7. exd5 Nxd5 8.
Re1 Bf6 9. d4 Re8 10. Qe2 Bg4 11. h3 Bh5 12. Qd1 e4 13. Nfd2 Bxd1 14. Rxd1 e3
15. fxe3 Nxe3 16. Re1 Nxc4 17. Rxe8+ Qxe8 18. Nxc4 Qe1+ 19. Kh2 Qxc1 20. Ncd2
Qxb2 21. Nb3 Qf2 22. N1d2 Bg5 23. Ne4 Qf4+ 24. Ng3 Bh4 25. Kg1 Bxg3 26. Kh1 Re8
27. Kg1 Qf2+ 28. Kh1 Re1+ 29. Rxe1 Qxe1# 0-1